=LDR 00000nam 2200000 4500 =001 INLIS000000000011461 =005 20130612103025 =008 ***********************************Ind** =035 ##$$0010-061300000011461 =041 ##$$a Ind =082 ##$$a 348 =090 ##$$a v, Hak h =100 ##$$a Hamzah =245 ##$$a Himpunana peraturan-peraturan ordonasisi terpenting bagi penegak hukum, A.Hamzah SH =260 ##$$a 1976 $b Jakarta =300 ##$$a 98 hlm., 21 cm =650 ##$$a Peraturan =850 ##$$a NBPNMAT